[Event "2. Gap 2008"]
[Site "Gap FRA"]
[Date "2008.04.18"]
[Round "7.12"]
[White "Rubino, Adrien"]
[Black "Le Moal, Marie"]
[Result "0-1"]
[WhiteElo "1820"]
[BlackElo "1709"]
[PlyCount "104"]
[EventDate "2008.04.14"]
[EventType "swiss"]
[EventRounds "9"]
[EventCountry "FRA"]
[Source "lmi"]
[SourceDate "2008.04.14"]

1. e4 e5 2. Nf3 Nc6 3. Bc4 Bc5 4. c3 Nf6 5. d4 exd4 6. O-O Nxe4 7. cxd4 Bb4 8.
a3 Be7 9. Ne5 d5 10. Re1 Nxf2 11. Nxc6 bxc6 12. Kxf2 dxc4 13. Be3 Rb8 14. Qc2
Be6 15. Nc3 O-O 16. Kg1 Bd5 17. Re2 Bd6 18. Rf1 Rb3 19. Kh1 Qh4 20. Bg1 Rfb8
21. Rf5 Be6 22. Rf1 Bg4 23. Ref2 Bh5 24. Nd1 Bxd1 25. Rxd1 c3 26. Rd3 Rxb2 27.
Qxc3 Rxf2 28. Rh3 Qf4 29. Qd3 h6 30. Bxf2 Qxf2 31. Rf3 Qh4 32. g3 Qg5 33. Rf5
Qc1+ 34. Rf1 Qxa3 35. Qc4 Qb3 36. Qxc6 a5 37. Ra1 Qb7 38. Qxb7 Rxb7 39. Rxa5
Rb4 40. d5 Rb2 41. Ra8+ Kh7 42. Ra5 Kg6 43. Ra4 Kf5 44. Ra1 f6 45. Re1 Rd2 46.
Rf1+ Ke4 47. Rf4+ Kxd5 48. Rg4 g5 49. Ra4 c5 50. Ra8 c4 51. Rh8 c3 52. Rxh6 c2
0-1

[Event "2. Gap 2008"]
[Site "Gap FRA"]
[Date "2008.04.18"]
[Round "7.17"]
[White "Moreau, Lionel"]
[Black "Avon, Hugo"]
[Result "0-1"]
[WhiteElo "1701"]
[BlackElo "1620"]
[PlyCount "64"]
[EventDate "2008.04.14"]
[EventType "swiss"]
[EventRounds "9"]
[EventCountry "FRA"]
[Source "lmi"]
[SourceDate "2008.04.14"]

1. e4 e6 2. d4 d5 3. exd5 exd5 4. Bf4 Nf6 5. Bd3 Nc6 6. c3 Bd6 7. Qe2+ Be6 8.
Be5 O-O 9. Nf3 Ng4 10. Bxd6 Qxd6 11. Qc2 h6 12. Nbd2 a6 13. h3 Nf6 14. g4 Rfe8
15. O-O-O Qf4 16. Kb1 b5 17. Nb3 Qxf3 18. Be2 Qxe2 19. Qxe2 Bf5+ 20. Qc2 Bxc2+
21. Kxc2 Re2+ 22. Rd2 Rxd2+ 23. Nxd2 Re8 24. Kd3 Ne4 25. Rh2 Nxd2 26. Kxd2 b4
27. f4 bxc3+ 28. bxc3 Na5 29. Rh1 Nc4+ 30. Kc2 Rb8 31. a4 Rb2+ 32. Kd3 Rd2# 0-1

[Event "2. Gap 2008"]
[Site "Gap FRA"]
[Date "2008.04.18"]
[Round "7.21"]
[White "Torbay, Pierre"]
[Black "Estachy, Simon"]
[Result "0-1"]
[WhiteElo "1630"]
[BlackElo "1530"]
[PlyCount "58"]
[EventDate "2008.04.14"]
[EventType "swiss"]
[EventRounds "9"]
[EventCountry "FRA"]
[Source "lmi"]
[SourceDate "2008.04.14"]

1. f4 d5 2. Nf3 Nf6 3. d4 Bf5 4. Nc3 c6 5. e3 e6 6. Ne5 Nbd7 7. g4 Be4 8. Nxe4
Nxe4 9. g5 Nxe5 10. dxe5 h6 11. Bd3 hxg5 12. Bxe4 dxe4 13. Qxd8+ Rxd8 14. fxg5
Rh5 15. b3 Rxg5 16. Bb2 Rg2 17. Rd1 Rxc2 18. Rxd8+ Kxd8 19. O-O Rxb2 20. Rxf7
Bc5 21. Rxb7 Bxe3+ 22. Kf1 Rxa2 23. Rxg7 Bd4 24. Rh7 e3 25. Rh8+ Kc7 26. Rh7+
Kb6 27. h4 e2+ 28. Ke1 Bc3+ 29. Kf2 e1=Q+ 0-1

[Event "2. Gap 2008"]
[Site "Gap FRA"]
[Date "2008.04.18"]
[Round "7.22"]
[White "Raffaelli, Alain"]
[Black "Barneaud, Camille"]
[Result "0-1"]
[WhiteElo "1550"]
[BlackElo "1090"]
[PlyCount "118"]
[EventDate "2008.04.14"]
[EventType "swiss"]
[EventRounds "9"]
[EventCountry "FRA"]
[Source "lmi"]
[SourceDate "2008.04.14"]

1. e4 e5 2. Nf3 Nc6 3. Bc4 Nf6 4. Ng5 d5 5. exd5 Na5 6. Qe2 h6 7. Nf3 Nxc4 8.
Qxc4 e4 9. Nd4 b6 10. Nc3 Bb7 11. Nc6 Qd7 12. Ne5 Qd6 13. d4 Bxd5 14. Nxd5 Nxd5
15. Qb5+ Ke7 16. c4 Qb4+ 17. Bd2 Qxb5 18. cxb5 a6 19. bxa6 Rxa6 20. O-O Ke6 21.
Rfc1 c5 22. Ng4 cxd4 23. b4 Bxb4 24. Bxb4 Nxb4 25. Rc4 Rxa2 26. Rac1 f5 27.
Rxb4 fxg4 28. g3 Re8 29. Rxb6+ Kd5 30. Rb5+ Kd6 31. Rb6+ Ke7 32. Rb5 Kf7 33.
Rf5+ Kg6 34. Rf4 Kh5 35. h3 gxh3 36. Rc5+ Kg6 37. Kh2 e3 38. Rg4+ Kh7 39. Kxh3
Rxf2 40. Rxd4 e2 41. Rc1 e1=Q 42. Rxe1 Rxe1 43. Kg4 g5 44. Rd7+ Kg6 45. Rd6+
Rf6 46. Rd8 h5+ 47. Kh3 g4+ 48. Kg2 Re2+ 49. Kg1 Ra6 50. Kf1 Rb2 51. Rd1 Raa2
52. Kg1 Rg2+ 53. Kf1 Rxg3 54. Re1 h4 55. Re6+ Kf5 56. Re8 h3 57. Rf8+ Kg6 58.
Re8 h2 59. Rh8 Rg1# 0-1

[Event "2. Gap 2008"]
[Site "Gap FRA"]
[Date "2008.04.18"]
[Round "8.1"]
[White "Philippe, Christophe"]
[Black "Svetushkin, Dmitry"]
[Result "0-1"]
[WhiteElo "2407"]
[BlackElo "2568"]
[PlyCount "94"]
[EventDate "2008.04.14"]
[EventType "swiss"]
[EventRounds "9"]
[EventCountry "FRA"]
[Source "lmi"]
[SourceDate "2008.04.14"]

1. e4 e5 2. Nf3 Nc6 3. Bb5 a6 4. Ba4 Nf6 5. d3 b5 6. Bb3 Bc5 7. Nc3 d6 8. Nd5
h6 9. c3 Be6 10. Nxf6+ Qxf6 11. O-O O-O 12. Be3 Bxe3 13. fxe3 Qe7 14. Qe1 Nb8
15. Nh4 Bxb3 16. axb3 g6 17. Qg3 Nd7 18. b4 Kh7 19. Rf3 Rg8 20. Raf1 f6 21. Qg4
Qf7 22. Rh3 a5 23. Rff3 Nf8 24. Nf5 h5 25. Ng3 Kh8 26. bxa5 Nh7 27. Qh4 Rxa5
28. Nf1 Qe7 29. Rf2 Ng5 30. Rg3 Ra1 31. h3 Rga8 32. Kh2 Rc1 33. Rgf3 Nxf3+ 34.
Rxf3 Raa1 35. Ng3 Kg7 36. d4 c5 37. d5 Qf7 38. Rf2 b4 39. cxb4 cxb4 40. b3 Rcb1
41. Rc2 Rxb3 42. Rc6 Rb2 43. Rxd6 Raa2 44. Rb6 Rxg2+ 45. Kh1 Rgb2 46. Kg1 Ra1+
47. Nf1 Rbb1 0-1

[Event "2. Gap 2008"]
[Site "Gap FRA"]
[Date "2008.04.18"]
[Round "8.2"]
[White "Prie, Eric"]
[Black "Ninov, Nikolai"]
[Result "1/2-1/2"]
[WhiteElo "2520"]
[BlackElo "2509"]
[PlyCount "26"]
[EventDate "2008.04.14"]
[EventType "swiss"]
[EventRounds "9"]
[EventCountry "FRA"]
[Source "lmi"]
[SourceDate "2008.04.14"]

1. d4 Nf6 2. Nf3 d5 3. Bg5 Ne4 4. Bf4 c5 5. dxc5 Qa5+ 6. Nbd2 Nc6 7. e3 Bg4 8.
Be2 Qb4 9. a3 Qxb2 10. Rb1 Qxa3 11. Nxe4 dxe4 12. Nd2 Bxe2 13. Qxe2 Qa6 1/2-1/2

[Event "2. Gap 2008"]
[Site "Gap FRA"]
[Date "2008.04.18"]
[Round "8.3"]
[White "Okhotnik, Vladimir"]
[Black "Forthofer, Robert"]
[Result "1-0"]
[WhiteElo "2458"]
[BlackElo "2253"]
[PlyCount "47"]
[EventDate "2008.04.14"]
[EventType "swiss"]
[EventRounds "9"]
[EventCountry "FRA"]
[Source "lmi"]
[SourceDate "2008.04.14"]

1. e4 e6 2. d4 d5 3. exd5 exd5 4. c4 Bb4+ 5. Nc3 Qe7+ 6. Be2 Bg4 7. cxd5 Nf6 8.
Bg5 Nbd7 9. h3 Bh5 10. Kf1 Bg6 11. Bf3 O-O 12. Nge2 Nb6 13. Nf4 Qd6 14. Nxg6
hxg6 15. Qb3 Bxc3 16. bxc3 Nbxd5 17. c4 Nf4 18. Rd1 Ne6 19. Be3 Rab8 20. g3 c6
21. Kg2 Nc7 22. d5 c5 23. Bf4 Qd7 24. Qa3 1-0

[Event "2. Gap 2008"]
[Site "Gap FRA"]
[Date "2008.04.18"]
[Round "8.4"]
[White "Borsos, Bogdan"]
[Black "Py, Walter"]
[Result "1-0"]
[WhiteElo "2354"]
[BlackElo "2101"]
[PlyCount "101"]
[EventDate "2008.04.14"]
[EventType "swiss"]
[EventRounds "9"]
[EventCountry "FRA"]
[Source "lmi"]
[SourceDate "2008.04.14"]

1. e4 e5 2. Nf3 Nc6 3. Bb5 Nd4 4. Nxd4 exd4 5. O-O Bc5 6. d3 c6 7. Bc4 d5 8.
exd5 cxd5 9. Re1+ Ne7 10. Bb5+ Bd7 11. Bxd7+ Qxd7 12. Nd2 O-O 13. Nb3 Bb6 14.
a4 a6 15. a5 Ba7 16. Bd2 Ng6 17. Bb4 Rfc8 18. g3 Rc6 19. Rc1 Qf5 20. Nd2 Ne5
21. Kg2 Rac8 22. Nf3 f6 23. Nxe5 fxe5 24. Qf3 Qxf3+ 25. Kxf3 Bb8 26. c3 Kf7 27.
Ra1 dxc3 28. bxc3 Kf6 29. Ke3 Bd6 30. Bxd6 Rxd6 31. Rec1 d4+ 32. cxd4 exd4+ 33.
Kd2 Rdc6 34. Rxc6+ Rxc6 35. h4 Rc5 36. Ke2 h5 37. Rb1 Rxa5 38. Rxb7 g6 39. Rb6+
Kf5 40. Rd6 Ra4 41. Kf3 a5 42. Rd5+ Kf6 43. Ke4 Ra2 44. Kxd4 a4 45. Ke3 a3 46.
Ra5 Ra1 47. Kf4 a2 48. Ra6+ Kf7 49. Kg5 Rd1 50. Rxa2 Rxd3 51. Ra7+ 1-0

[Event "2. Gap 2008"]
[Site "Gap FRA"]
[Date "2008.04.18"]
[Round "8.5"]
[White "Deleau, Denis"]
[Black "Birens, Eric-Andre"]
[Result "1-0"]
[WhiteElo "2107"]
[BlackElo "2046"]
[PlyCount "93"]
[EventDate "2008.04.14"]
[EventType "swiss"]
[EventRounds "9"]
[EventCountry "FRA"]
[Source "lmi"]
[SourceDate "2008.04.14"]

1. e4 c5 2. Nf3 d6 3. d4 cxd4 4. Nxd4 Nf6 5. Nc3 a6 6. Bc4 e6 7. Bb3 b5 8. Bg5
Bb7 9. O-O Nbd7 10. Kh1 Nc5 11. Bxf6 Qxf6 12. f4 Nxb3 13. axb3 b4 14. Na4 Bxe4
15. Nb6 Rd8 16. Rxa6 Be7 17. f5 O-O 18. Ra7 e5 19. Qg4 d5 20. Rxe7 exd4 21. Nd7
Rxd7 22. Rxd7 Kh8 23. Qf4 h6 24. h4 Re8 25. Rd6 Qe5 26. f6 g5 27. hxg5 hxg5 28.
Qxe5 Rxe5 29. Rd1 Bxc2 30. Rxd4 Bxb3 31. Rxb4 Bc2 32. Rd7 Bg6 33. Rb5 Re6 34.
Rbxd5 Rxf6 35. Rxg5 Kg7 36. b4 Kh6 37. Rg3 Rf1+ 38. Kh2 Rb1 39. Rb7 Kg7 40. b5
Kf6 41. Re3 Bf5 42. Rb8 Be6 43. b6 Bd5 44. Re2 Rb3 45. Rd2 Ke6 46. Re8+ Kd7 47.
Re5 1-0

[Event "2. Gap 2008"]
[Site "Gap FRA"]
[Date "2008.04.18"]
[Round "8.10"]
[White "Jouet, Philippe"]
[Black "Revil-Baudard, Didier"]
[Result "1-0"]
[WhiteElo "1893"]
[BlackElo "1778"]
[PlyCount "51"]
[EventDate "2008.04.14"]
[EventType "swiss"]
[EventRounds "9"]
[EventCountry "FRA"]
[Source "lmi"]
[SourceDate "2008.04.14"]

1. d4 Nf6 2. Nf3 g6 3. e3 Bg7 4. Be2 O-O 5. O-O d6 6. c4 Nbd7 7. Nc3 c5 8. b3
cxd4 9. exd4 e5 10. Bb2 Nh5 11. Re1 Nf4 12. Bf1 Re8 13. g3 Nh5 14. Qd2 exd4 15.
Nxd4 Ne5 16. Bg2 Ng4 17. Rxe8+ Qxe8 18. Ndb5 Bh6 19. Qd4 Bg7 20. Qxd6 Be5 21.
Re1 Bf5 22. Qd2 Rd8 23. Nd5 Rxd5 24. Qxd5 Nxg3 25. hxg3 Nxf2 26. Rxe5 1-0

[Event "2. Gap 2008"]
[Site "Gap FRA"]
[Date "2008.04.18"]
[Round "8.14"]
[White "Groleau, Antoine"]
[Black "Bermond, Clement"]
[Result "1-0"]
[WhiteElo "1640"]
[BlackElo "1676"]
[PlyCount "35"]
[EventDate "2008.04.14"]
[EventType "swiss"]
[EventRounds "9"]
[EventCountry "FRA"]
[Source "lmi"]
[SourceDate "2008.04.14"]

1. d4 Nf6 2. Nf3 b6 3. Bg5 Bb7 4. e3 e6 5. Bd3 Be7 6. Qe2 d5 7. Bxf6 Bxf6 8.
Nbd2 c5 9. c3 O-O 10. O-O Nd7 11. Rfe1 e5 12. dxe5 Nxe5 13. Nxe5 c4 14. Bc2 Qd6
15. Ndf3 Bc8 16. Rad1 g5 17. Nxc4 Qc6 18. Qd3 1-0

[Event "2. Gap 2008"]
[Site "Gap FRA"]
[Date "2008.04.19"]
[Round "9.1"]
[White "Svetushkin, Dmitry"]
[Black "Garnier, Jean-Paul"]
[Result "1-0"]
[WhiteElo "2568"]
[BlackElo "2059"]
[PlyCount "61"]
[EventDate "2008.04.14"]
[EventType "swiss"]
[EventRounds "9"]
[EventCountry "FRA"]
[Source "lmi"]
[SourceDate "2008.04.14"]

1. e4 e5 2. Nf3 Nf6 3. Nc3 Bb4 4. Bd3 d6 5. h3 Nc6 6. a3 Ba5 7. O-O O-O 8. Nd5
Nxd5 9. exd5 Nb8 10. c4 c6 11. b4 Bc7 12. Bc2 a5 13. d4 f6 14. Bb2 axb4 15.
axb4 Rxa1 16. Bxa1 cxd5 17. cxd5 Bb6 18. Qb1 h6 19. Nh4 Rf7 20. Bg6 Rc7 21. f4
Rc4 22. Bh7+ Kf8 23. fxe5 dxe5 24. Ng6+ Ke8 25. Nxe5 Rc7 26. Bg8 f5 27. Bh7 Qg5
28. d6 Rc6 29. Qb3 Rxd6 30. Qg8+ Ke7 31. Qxc8 1-0

[Event "2. Gap 2008"]
[Site "Gap FRA"]
[Date "2008.04.19"]
[Round "9.4"]
[White "Birens, Eric-Andre"]
[Black "Borsos, Bogdan"]
[Result "0-1"]
[WhiteElo "2046"]
[BlackElo "2354"]
[PlyCount "42"]
[EventDate "2008.04.14"]
[EventType "swiss"]
[EventRounds "9"]
[EventCountry "FRA"]
[Source "lmi"]
[SourceDate "2008.04.14"]

1. d4 d5 2. c4 e6 3. Nc3 c5 4. e3 Nc6 5. Nf3 Nf6 6. cxd5 exd5 7. Bb5 Bd6 8. O-O
O-O 9. Bxc6 bxc6 10. dxc5 Bxc5 11. Qa4 Qd6 12. Rd1 Bg4 13. Ne2 Ne4 14. Ng3 Rfe8
15. Qc2 Qf6 16. Nxe4 dxe4 17. Qxc5 Bxf3 18. gxf3 Rad8 19. Bd2 Re5 20. Ba5 Rxd1+
21. Rxd1 Rxc5 0-1

[Event "2. Gap 2008"]
[Site "Gap FRA"]
[Date "2008.04.19"]
[Round "9.5"]
[White "Pommeret, Jean-Claude"]
[Black "Philippe, Christophe"]
[Result "0-1"]
[WhiteElo "1923"]
[BlackElo "2407"]
[PlyCount "58"]
[EventDate "2008.04.14"]
[EventType "swiss"]
[EventRounds "9"]
[EventCountry "FRA"]
[Source "lmi"]
[SourceDate "2008.04.14"]

1. e4 Nf6 2. e5 Nd5 3. c4 Nb6 4. d4 d6 5. f4 dxe5 6. fxe5 Nc6 7. Be3 Bf5 8. Nc3
e6 9. Nf3 Be7 10. d5 exd5 11. cxd5 Nb4 12. Nd4 Bd7 13. e6 fxe6 14. dxe6 Bc6 15.
Qg4 Bh4+ 16. g3 Bf6 17. O-O-O N6d5 18. Nf5 g6 19. Bc4 Nxe3 20. Rxd8+ Rxd8 21.
Nxe3 Bxh1 22. Ne4 Bd4 23. Nc2 Nxc2 24. Kxc2 Rf8 25. Nc3 Rf2+ 26. Kb3 Rd6 27.
Bb5+ c6 28. Bc4 b5 29. Be2 a5 0-1

[Event "2. Gap 2008"]
[Site "Gap FRA"]
[Date "2008.04.19"]
[Round "9.6"]
[White "Forthofer, Robert"]
[Black "De La Forest, Laurent"]
[Result "1-0"]
[WhiteElo "2253"]
[BlackElo "1870"]
[PlyCount "51"]
[EventDate "2008.04.14"]
[EventType "swiss"]
[EventRounds "9"]
[EventCountry "FRA"]
[Source "lmi"]
[SourceDate "2008.04.14"]

1. e4 e6 2. d4 d5 3. exd5 exd5 4. Nf3 Nf6 5. c4 c6 6. Bd3 Bd6 7. O-O O-O 8. Nc3
Bg4 9. h3 Be6 10. cxd5 Bxd5 11. Re1 Bxf3 12. Qxf3 Nbd7 13. Ne4 Qc7 14. Bg5 Be7
15. Ng3 Rae8 16. Nh5 Nd5 17. Qe4 g6 18. Bh6 N7f6 19. Nxf6+ Nxf6 20. Qf3 Qd6 21.
Rad1 Kh8 22. Bxf8 Rxf8 23. Qe3 Nd5 24. Qe5+ Kg8 25. Bc4 f6 26. Bxd5+ 1-0

[Event "2. Gap 2008"]
[Site "Gap FRA"]
[Date "2008.04.19"]
[Round "9.9"]
[White "Mercky, Gilles"]
[Black "Le Moal, Marie"]
[Result "1-0"]
[WhiteElo "1905"]
[BlackElo "1709"]
[PlyCount "45"]
[EventDate "2008.04.14"]
[EventType "swiss"]
[EventRounds "9"]
[EventCountry "FRA"]
[Source "lmi"]
[SourceDate "2008.04.14"]

1. b4 e6 2. Bb2 Nf6 3. a3 d5 4. e3 c5 5. bxc5 Bxc5 6. Nf3 Nc6 7. d4 Bd6 8. c4
b6 9. Nc3 dxc4 10. Bxc4 O-O 11. Qc2 Bb7 12. h4 Rc8 13. Bd3 g6 14. Ke2 Na5 15.
g4 Nxg4 16. e4 e5 17. Rag1 exd4 18. Rxg4 dxc3 19. Bc1 Re8 20. h5 f5 21. Qa2+
Kf8 22. Bh6+ Ke7 23. Bg5+ 1-0

[Event "2. Gap 2008"]
[Site "Gap FRA"]
[Date "2008.04.19"]
[Round "9.18"]
[White "Cellier, David"]
[Black "Muscariello, Jean"]
[Result "1-0"]
[WhiteElo "1470"]
[BlackElo "1530"]
[PlyCount "65"]
[EventDate "2008.04.14"]
[EventType "swiss"]
[EventRounds "9"]
[EventCountry "FRA"]
[Source "lmi"]
[SourceDate "2008.04.14"]

1. c4 e5 2. e4 Nf6 3. d3 Bc5 4. Be2 a6 5. Nf3 Nc6 6. O-O d6 7. Nc3 Nd4 8. Bg5
c6 9. Nxd4 Bxd4 10. Bh5 h6 11. Bh4 g6 12. Be2 Kd7 13. Qa4 g5 14. Bg3 Ke7 15.
Qd1 h5 16. h3 Qg8 17. Bh2 g4 18. h4 g3 19. Bf3 gxh2+ 20. Kxh2 Bg4 21. Ne2 Bxf3
22. gxf3 Ba7 23. Ng3 Kd7 24. Qb3 Rb8 25. Qa3 Qf8 26. b4 Bd4 27. Rac1 c5 28.
bxc5 dxc5 29. Qa4+ Ke6 30. Rb1 Qd8 31. Nf5 Nd7 32. Rxb7 Rxb7 33. Qc6# 1-0